| 000 | 006890000a22001690004500 | ||
|---|---|---|---|
| 008 | 230817t ||||| |||| 00| 0 eng d | ||
| 082 |
_a363.96 _bPET |
||
| 100 | _aPetchesky, Rosalind P. | ||
| 245 |
_aGlobal feminist perspectives on reproductive rights and reproductive health: _ba report on the special sessions held at the fourth International Interdisciplinary Congress on Women, Hunter College, New York City, June 3-7, 1990 |
||
| 260 |
_a[New York?]: _c [1990?] |
||
| 300 |
_a v, 55 p. ; 28 cm _bBibliography included |
||
| 650 | _aAbortion- Law and legislation | ||
| 650 | _aWomen- Health and hygiene | ||
| 650 | _aPro-choice movement | ||
| 700 | _aWeiner, Jennifer A. | ||
| 942 | _cRP | ||
| 999 |
_c292 _d292 |
||